Σύνθετα υλικά : επιστήμη και τεχνολογία
Αποθηκεύτηκε σε:
| Κύριος συγγραφέας: | |
|---|---|
| Μορφή: | Βιβλίο |
| Γλώσσα: | Greek English |
| Δημοσίευση: |
Θεσσαλονίκη :
Τζιόλα,
c2021.
|
| Έκδοση: | 4η έκδοση. |
| Θέματα: | |
| Ετικέτες: |
Προσθήκη ετικέτας
Δεν υπάρχουν, Καταχωρήστε ετικέτα πρώτοι!
|
MARC
| LEADER | 00000cam a2200000 a 4500 | ||
|---|---|---|---|
| 001 | 1/124098 | ||
| 008 | 220107e2021####gr | ||| |||| ||gre|| | ||
| 020 | |a 9789604188741 | ||
| 040 | |a GR-MyUa |b gre |c GR-MyUa |e AACR2 | ||
| 041 | 1 | |a gre |h eng | |
| 082 | 7 | |a 620.118 |2 (23) | |
| 100 | 1 | |a Chawla, Krishan Kumar, |d 1942- | |
| 245 | 1 | 0 | |a Σύνθετα υλικά : |b επιστήμη και τεχνολογία / |c Krishan K. Chawla ; επιστημονική επιμέλεια Χρήστος Αργυρούσης, Άγγελος Μαρκόπουλος ; μετάφραση Ελένη Γκαγκάτσιου. |
| 250 | |a 4η έκδοση. | ||
| 260 | |a Θεσσαλονίκη : |b Τζιόλα, |c c2021. | ||
| 300 | |a xviii, 630 σ. : |b εικ. ; |c 25 εκ. | ||
| 500 | |a Τίτλος πρωτοτύπου: Composite materials : science and engineering, 4th ed. | ||
| 500 | |a Περιλαμβάνει ευρετήρια. | ||
| 650 | 0 | |a Composite materials | |
| 852 | |a INST |b SYROS |c EUDOXUS |e 20220107 |h 620.118 CHA |p 005500015194 |q 005500015194 |t EDX |y 0 | ||
| 920 | |a Εύδοξος |b Παραγγελία |y Σύρος-ΤΜΣΠΣ |z 2021-12 | ||
| 970 | |a Κοντού |b Παρασκευή |z 07/01/2022 | ||